000 01059nam a2200397Ia 4500
001 UByD001458
003 AR-LpoUNG
005 20240916141841.0
008 230511s1984||||ag |||||||||||||| ||spa||
020 _a950502143x
040 _aAR-LpoUNG
_bspa
_cAR-LpoUNG
_eaacr
041 1 _aspa
082 0 _a982.065 777loc
100 1 _aBousquet, Jean Pierre
245 1 4 _aLas locas de la Plaza de Mayo
250 _a6ta. ed.
260 _aBuenos Aires :
_bEl Cid,
_c1984.
300 _a192 p. :
_bfot.
650 4 _a ANALISIS HISTORICO
650 4 _aARGENTINA
650 4 _aDERECHOS CIVILES
650 4 _aDERECHOS HUMANOS
650 4 _aDICTADURA
650 4 _aGOBIERNO MILITAR
650 4 _aHISTORIA POLITICA
650 4 _aMUJERES
650 4 _aPARTICIPACION POLITICA
653 0 _aCENTROS CLANDESTINOS DE DETENCION
653 0 _aDESAPARECIDOS
653 0 _aMADRES DE PLAZA DE MAYO
653 0 _aMEMORIA COLECTIVA
653 0 _aTERRORISMO DE ESTADO
700 1 _aDespres, Jacques
_etr.
905 _aCJPM1064
942 _cLIB
_2ddc
999 _c62892
_d62892